[Event "40th North Shore Open"]
[Site "Auckland"]
[Date "2013.09.15"]
[Round "5.7"]
[White "Bennett, Hilton P"]
[Black "Duneas, John"]
[Result "1/2-1/2"]
[WhiteElo "2100"]
[BlackElo "2195"]
[PlyCount "76"]
[EventDate "2013.09.14"]
[EventType "swiss"]
[EventRounds "5"]
[EventCountry "NZL"]
[SourceDate "2013.09.14"]

1. e4 e6 2. Nc3 d5 3. d4 Nf6 4. Bg5 Be7 5. e5 Nfd7 6. h4 O-O 7. Nf3 c5 8. Bxe7
Qxe7 9. Nb5 Nc6 10. Bd3 f6 11. Bxh7+ Kxh7 12. Ng5+ Kh6 13. Qd2 fxg5 14. hxg5+
Kg6 15. Qd3+ Rf5 16. g4 Nxd4 17. gxf5+ Nxf5 18. f4 Kf7 19. g6+ Kg8 20. O-O-O
Nf8 21. Rdg1 Bd7 22. Nd6 Nh6 23. Nf7 Nxf7 24. gxf7+ Qxf7 25. Qg3 g6 26. Rh6 Kg7
27. Rgh1 Rc8 28. Qh4 Re8 29. Rh8 Qf5 30. Qh6+ Kf7 31. Qh4 Bc6 32. Rg1 Re7 33.
Rg5 Qe4 34. b3 c4 35. Rg4 Qf5 36. Rg5 Qe4 37. Rg4 Ke8 38. Qf6 Qe1+ 1/2-1/2

[Event "40th North Shore Open"]
[Site "Auckland"]
[Date "2013.09.15"]
[Round "5.8"]
[White "Ang, Alphaeus Wei Ern"]
[Black "Evans, David J"]
[Result "1-0"]
[WhiteElo "1973"]
[BlackElo "2034"]
[PlyCount "53"]
[EventDate "2013.09.14"]
[EventType "swiss"]
[EventRounds "5"]
[EventCountry "NZL"]
[SourceDate "2013.09.14"]

1. d4 Nf6 2. c4 g6 3. Nc3 Bg7 4. e4 d6 5. Nf3 O-O 6. Be2 e5 7. O-O Na6 8. a3
exd4 9. Nxd4 Nc5 10. f3 a5 11. Bg5 Ne6 12. Nxe6 fxe6 13. f4 Qe8 14. Nb5 Qc6 15.
e5 dxe5 16. fxe5 Nd7 17. Rxf8+ Bxf8 18. Bf6 Nxf6 19. exf6 Bd7 20. Qd2 e5 21.
Rf1 Bc5+ 22. Kh1 Bf5 23. Rxf5 gxf5 24. Qg5+ Kf8 25. Bh5 Qd7 26. Qh6+ Kg8 27.
f7+ 1-0

[Event "40th North Shore Open"]
[Site "Auckland"]
[Date "2013.09.15"]
[Round "5.9"]
[White "Li, William Xiangwei"]
[Black "Gunn, Neil J"]
[Result "1-0"]
[WhiteElo "2060"]
[BlackElo "1989"]
[PlyCount "51"]
[EventDate "2013.09.14"]
[EventType "swiss"]
[EventRounds "5"]
[EventCountry "NZL"]
[SourceDate "2013.09.14"]

1. e4 c5 2. Nf3 Nc6 3. d4 cxd4 4. Nxd4 Nf6 5. Nc3 e5 6. Ndb5 d6 7. Nd5 Nxd5 8.
exd5 Nb8 9. c4 a6 10. Nc3 g6 11. Be2 Bg7 12. O-O f5 13. Qc2 Nd7 14. b4 a5 15.
Nb5 Bf8 16. c5 Kf7 17. cxd6 axb4 18. Nc7 Bxd6 19. Nxa8 Qa5 20. Bd2 Qxa8 21.
Rfb1 Qb8 22. Bxb4 Bxb4 23. Rxb4 Qd6 24. Rab1 Rd8 25. Rc4 Nb6 26. Rxb6 1-0

[Event "40th North Shore Open"]
[Site "Auckland"]
[Date "2013.09.15"]
[Round "5.10"]
[White "Taylor, Richard"]
[Black "Gong, Daniel"]
[Result "0-1"]
[WhiteElo "1862"]
[BlackElo "1880"]
[PlyCount "66"]
[EventDate "2013.09.14"]
[EventType "swiss"]
[EventRounds "5"]
[EventCountry "NZL"]
[SourceDate "2013.09.14"]

1. e4 c5 2. Nf3 e6 3. d4 cxd4 4. Nxd4 a6 5. Bd3 Bc5 6. Be3 Qb6 7. c3 Nc6 8. Qb3
Qa7 9. Nd2 Nxd4 10. cxd4 Bxd4 11. Bxd4 Qxd4 12. O-O Ne7 13. Nf3 Qa7 14. Qc3 O-O
15. h4 f5 16. h5 Rf6 17. Rac1 b5 18. exf5 Nxf5 19. Ng5 Bb7 20. h6 Rg6 21. Qd2
gxh6 22. Ne4 Qd4 23. Rfe1 Nh4 24. Kh2 Rxg2+ 25. Kh3 Rh2+ 26. Kg4 h5+ 27. Kg3
Qe5+ 28. f4 Qg7+ 29. Kxh2 Nf3+ 30. Kh1 Nxd2 31. Rg1 Nxe4 32. Rxg7+ Kxg7 33. Rc7
Nc5+ 0-1

[Event "40th North Shore Open"]
[Site "Auckland"]
[Date "2013.09.15"]
[Round "5.11"]
[White "Cooper, Nigel M"]
[Black "Timergazi, Layla"]
[Result "0-1"]
[WhiteElo "1692"]
[BlackElo "1889"]
[PlyCount "94"]
[EventDate "2013.09.14"]
[EventType "swiss"]
[EventRounds "5"]
[EventCountry "NZL"]
[SourceDate "2013.09.14"]

1. d4 d5 2. Bg5 c6 3. f3 h6 4. Bh4 Bf5 5. e3 Nd7 6. Bd3 Bxd3 7. Qxd3 Qb6 8. b3
e5 9. Ne2 Bd6 10. O-O Ngf6 11. Nd2 O-O 12. c4 c5 13. Bf2 Qc6 14. cxd5 Qxd5 15.
e4 Qe6 16. d5 Qe7 17. Nc4 a6 18. Ng3 g6 19. Be3 Kg7 20. Nxd6 Qxd6 21. Rac1 h5
22. Qd2 Rh8 23. Qf2 h4 24. Ne2 Rac8 25. Rc2 b6 26. Rfc1 a5 27. a3 Qb8 28. Bg5
h3 29. g3 Qa8 30. Bd2 Ne8 31. b4 axb4 32. axb4 Nd6 33. bxc5 bxc5 34. Be3 c4 35.
Kh1 f5 36. Nc3 fxe4 37. Nxe4 Qxd5 38. Rd2 Nxe4 39. Rxd5 Nxf2+ 40. Bxf2 Rc7 41.
Rcd1 Nf6 42. Rxe5 c3 43. Rc5 Rxc5 44. Bxc5 Rc8 45. Be3 c2 46. Rc1 Rc3 47. Re1
Rxe3 0-1

[Event "40th North Shore Open"]
[Site "Auckland"]
[Date "2013.09.15"]
[Round "5.12"]
[White "Krstev, Antonio"]
[Black "Gilmour, Mark"]
[Result "1-0"]
[WhiteElo "2157"]
[BlackElo "1922"]
[PlyCount "95"]
[EventDate "2013.09.14"]
[EventType "swiss"]
[EventRounds "5"]
[EventCountry "NZL"]
[SourceDate "2013.09.14"]

1. d4 d5 2. c4 c6 3. Nc3 Nf6 4. Nf3 e6 5. Bg5 Nbd7 6. e3 Qa5 7. Bxf6 Nxf6 8.
Bd3 Bb4 9. Qc2 O-O 10. O-O h6 11. Ne5 Bxc3 12. bxc3 Nd7 13. f4 Nxe5 14. fxe5
dxc4 15. Bxc4 b5 16. Bb3 Bb7 17. Qe4 Qc7 18. Bc2 g6 19. Qh4 Kg7 20. Qf6+ Kh7
21. h4 Qd8 22. h5 Qxf6 23. Rxf6 Kg7 24. hxg6 c5 25. Raf1 Bd5 26. a3 fxg6 27.
Rxg6+ Kh8 28. Rxh6+ Kg7 29. Rh7+ Kg8 30. Rxf8+ Kxf8 31. e4 Bc6 32. Rc7 Be8 33.
Rxc5 a5 34. Bb3 Ke7 35. d5 Bd7 36. Rc7 Kd8 37. d6 Rc8 38. Rxc8+ Bxc8 39. Kf2
Ke8 40. Ke3 Kf7 41. Kd4 Kg6 42. g3 Kg5 43. Bd1 Kg6 44. Kc5 Bd7 45. Kb6 Kf7 46.
Kxa5 Ke8 47. Kb6 Kd8 48. Be2 1-0